书目信息 |
| 题名: |
钳工技术
|
|
| 作者: | 《钳工技术》编写组 编 | |
| 分册: | ||
| 出版信息: | 北京 国防工业出版社 1973.06 |
|
| 页数: | 431页 | |
| 开本: | 20cm | |
| 丛书名: | ||
| 单 册: | ||
| 中图分类: | TG93 | |
| 科图分类: | ||
| 主题词: | 钳工--工艺--方法 , 钳工装配工具 | |
| 电子资源: | ||
| ISBN: | ||
| 000 | 00659nam0 2200229 450 | |
| 001 | 0653123156 | |
| 005 | 20061123144713.65 | |
| 010 | @dCNY0.85 | |
| 091 | @a15034.1306 | |
| 100 | @a20061123d1973 km y0chiy0120 ea | |
| 101 | 0 | @achi |
| 102 | @aCN@b110000 | |
| 200 | 1 | @a钳工技术@Aqian gong ji shu@f《钳工技术》编写组编@F《qian gong ji shu》bian xie zu bian |
| 210 | @a北京@c国防工业出版社@d1973.06 | |
| 215 | @a431页@d20cm | |
| 300 | @a工人普及读物 | |
| 606 | 0 | @a钳工@x工艺@x方法 |
| 606 | 0 | @a钳工装配工具 |
| 690 | @aTG93@v3 | |
| 701 | 0 | @a《钳工技术》编写组@A《qian gong ji shu》bian xie zu@4编 |
| 801 | 0 | @aCN@bPFT@c20061123 |
| 905 | @a10447@dTG93@e7 | |
| 钳工技术/《钳工技术》编写组编.-北京:国防工业出版社,1973.06 |
| 431页;20cm |
| 工人普及读物 |
| ISBN :CNY0.85 |
| ● |
| 相关链接 |
|
|
|
|
正题名:钳工技术
索取号:TG93/7
 
预约/预借
| 序号 | 登录号 | 条形码 | 馆藏地/架位号 | 状态 | 备注 |
| 1 | 0017701 | 001362670 | 第二样本阅览室/ [索取号:TG93/7] | 在馆 |